00285nam a22000857a 4500008004100000010001700041245007400058260002300132500004400155150720b xxu||||| |||| 00| 0 eng d 8HCCRSARF:031 aHIGH COURT CRIMINAL SESSION NO.32 OF 1975 Uganda Vs Sarapiyo Begumisa aHigh Court Kampala 3BEFORE: Hon. Mr. Justice P.A.P.J. Allen